000 01084cam a2200157 4500500
005 20260111085627.0
041 _afre
042 _adc
100 1 0 _aProtais, Baptiste
_eauthor
245 0 0 _aAnatomie comparée des anges, Suivi de Sur la danse. Traduction de l’allemand par Michèle Ouerd et Annick Yaiche. Éditions de l’Éclat, « Éclats », 2024, 96 pages, 9 €.
260 _c2024.
500 _a49
520 _aEn situation d’oppression, l’humour est un art sociologique intuitif qui joue sur la corde raide. En détendant l’atmosphère, en affichant un air tranquille, celui qui lance un mot d’esprit ou une répartie amusante dissout la gravité du moment pour lui ou son groupe et rappelle que rien n’est perdu. Pendant la Deuxième Guerre mondiale, l’humoriste Pierre Dac (1893-1975) devient une figure de la Résistance, grâce à ses interventions sur Radio Londres.
786 0 _nÉtudes | Avril | 4 | 2024-03-28 | p. 117zd-144zd | 0014-1941
856 4 1 _uhttps://shs.cairn.info/revue-etudes-2024-4-page-117zd?lang=fr&redirect-ssocas=7080
999 _c1618398
_d1618398